000 00573nam a2200169 i 4500
001 179939
003 ES-MaACL
005 20250709062530.0
008 120306s1882 sp |||| | spa d
245 0 0 _aMensuario para 1882
_b: manual Ăștil, ameno y povechoso para toda clase de personas : regalo a los suscritores de La Nueva Alianza.
260 _aValencia :
_b[s.n.],
_c1882 (
_fImp. de La Nueva Alianza)
300 _a240 p. :
_bil. ;
_c16 cm.
852 _aES-MaACL
_jT-401-F-4
852 _aES-MaACL
_jT-413-F-1
942 _2udc
_cPERIODICA
999 _c179939
_d179939